000 00555nam a22001937a 4500
005 20260604155516.0
010 _aENG-148760
020 _a9789391091644
_c160.00
035 _aEN-132292
037 _bDBAD
082 _a881
100 _aSharma, R.D.
245 _aLines From Summer Resort Diary/
_cR.D. Sharma
250 _a1
260 _aGurugram
_bThe Poetry Society of India
_c2024
270 _aH-23/16, DLF Phase-I
_bGurugram
_e122002
_mthepoetrysoindia@gmail.com
300 _a34p.
_c22cm(hb0
942 _2ddc
_cEN
_h881
_mSHA
999 _c216512
_d216512